<?xml version="1.0" encoding="UTF-8"?>
<record
    xmlns:xsi="http://www.w3.org/2001/XMLSchema-instance"
    xsi:schemaLocation="http://www.loc.gov/MARC21/slim http://www.loc.gov/standards/marcxml/schema/MARC21slim.xsd"
    xmlns="http://www.loc.gov/MARC21/slim">

  <leader>00342nam a22001457a 4500</leader>
  <controlfield tag="003">OSt</controlfield>
  <controlfield tag="008">210125b           ||||| |||| 00| 0 eng d</controlfield>
  <datafield tag="100" ind1=" " ind2=" ">
    <subfield code="a">GOYAL, Manish</subfield>
  </datafield>
  <datafield tag="245" ind1=" " ind2=" ">
    <subfield code="a">Computer Based Numerical and Statistical </subfield>
  </datafield>
  <datafield tag="250" ind1=" " ind2=" ">
    <subfield code="a">Rep</subfield>
  </datafield>
  <datafield tag="260" ind1=" " ind2=" ">
    <subfield code="a">New Delhi</subfield>
    <subfield code="b">Laxmi Publications</subfield>
  </datafield>
  <datafield tag="300" ind1=" " ind2=" ">
    <subfield code="a">588</subfield>
  </datafield>
  <datafield tag="650" ind1=" " ind2=" ">
    <subfield code="a">MCA</subfield>
  </datafield>
  <datafield tag="942" ind1=" " ind2=" ">
    <subfield code="2">ddc</subfield>
    <subfield code="c">BB</subfield>
  </datafield>
  <datafield tag="999" ind1=" " ind2=" ">
    <subfield code="c">10398</subfield>
    <subfield code="d">10398</subfield>
  </datafield>
  <datafield tag="952" ind1=" " ind2=" ">
    <subfield code="0">0</subfield>
    <subfield code="1">0</subfield>
    <subfield code="2">ddc</subfield>
    <subfield code="4">0</subfield>
    <subfield code="7">0</subfield>
    <subfield code="8">MCA</subfield>
    <subfield code="a">PIET</subfield>
    <subfield code="b">PIET</subfield>
    <subfield code="d">2008-10-01</subfield>
    <subfield code="e">Kirti Prakashan, New Delhi</subfield>
    <subfield code="f">IN Rupees</subfield>
    <subfield code="g">260.00</subfield>
    <subfield code="k">SI3829</subfield>
    <subfield code="l">1</subfield>
    <subfield code="p">BB4291</subfield>
    <subfield code="q">2021-12-03</subfield>
    <subfield code="r">2021-11-19 00:00:00</subfield>
    <subfield code="s">2021-11-19</subfield>
    <subfield code="w">2008-10-01</subfield>
    <subfield code="y">BB</subfield>
  </datafield>
  <datafield tag="952" ind1=" " ind2=" ">
    <subfield code="0">0</subfield>
    <subfield code="1">0</subfield>
    <subfield code="2">ddc</subfield>
    <subfield code="4">0</subfield>
    <subfield code="7">0</subfield>
    <subfield code="8">MCA</subfield>
    <subfield code="a">PIET</subfield>
    <subfield code="b">PIET</subfield>
    <subfield code="d">2008-10-01</subfield>
    <subfield code="e">Kirti Parkashan</subfield>
    <subfield code="f">IN Rupees</subfield>
    <subfield code="g">260.00</subfield>
    <subfield code="k">SI-3829</subfield>
    <subfield code="l">1</subfield>
    <subfield code="p">BB4294</subfield>
    <subfield code="q">2021-12-03</subfield>
    <subfield code="r">2021-11-19 00:00:00</subfield>
    <subfield code="s">2021-11-19</subfield>
    <subfield code="w">2008-10-01</subfield>
    <subfield code="y">BB</subfield>
  </datafield>
  <datafield tag="952" ind1=" " ind2=" ">
    <subfield code="0">0</subfield>
    <subfield code="1">0</subfield>
    <subfield code="2">ddc</subfield>
    <subfield code="4">0</subfield>
    <subfield code="7">0</subfield>
    <subfield code="8">MCA</subfield>
    <subfield code="a">PIET</subfield>
    <subfield code="b">PIET</subfield>
    <subfield code="d">2008-10-01</subfield>
    <subfield code="e">Kirti Parkashan</subfield>
    <subfield code="f">IN Rupees</subfield>
    <subfield code="g">260.00</subfield>
    <subfield code="k">SI-3829</subfield>
    <subfield code="l">1</subfield>
    <subfield code="p">BB4297</subfield>
    <subfield code="q">2021-12-03</subfield>
    <subfield code="r">2021-11-19 00:00:00</subfield>
    <subfield code="s">2021-11-19</subfield>
    <subfield code="w">2008-10-01</subfield>
    <subfield code="y">BB</subfield>
  </datafield>
  <datafield tag="952" ind1=" " ind2=" ">
    <subfield code="0">0</subfield>
    <subfield code="1">0</subfield>
    <subfield code="2">ddc</subfield>
    <subfield code="4">0</subfield>
    <subfield code="7">0</subfield>
    <subfield code="8">MCA</subfield>
    <subfield code="a">PIET</subfield>
    <subfield code="b">PIET</subfield>
    <subfield code="d">2010-08-16</subfield>
    <subfield code="e">JBC</subfield>
    <subfield code="f">IN Rupees</subfield>
    <subfield code="g">295.00</subfield>
    <subfield code="k">SI-1085</subfield>
    <subfield code="l">2</subfield>
    <subfield code="p">BB5616</subfield>
    <subfield code="q">2021-12-03</subfield>
    <subfield code="r">2021-11-19 00:00:00</subfield>
    <subfield code="s">2021-11-19</subfield>
    <subfield code="w">2010-08-16</subfield>
    <subfield code="y">BB</subfield>
  </datafield>
</record>
